000 00508nam a22001817a 4500
999 _c7241
_d7241
003 OSt
005 20210920151619.0
008 210920b ||||| |||| 00| 0 eng d
040 _cDDC
082 _a574.8.WAT1965
100 _aWatson J.D.
_914877
245 _aMolecular Biology of the gene
_cEdited by Watson J.D.
260 _aUSA
_bW.A. Benjamin, INC.
_c1965
300 _axxii,494p;
_bill
_c24cm
504 _aIncludes; references, glossary and index.
650 _aBiology
_95602
942 _2ddc
_cO_SHELF